01338cam a2200289 a 450000100100000000500170001000800410002703500190006804000180008704300120010508200170011710000550013424501290018926001240031830000350044249000700047750400740054750400340062160000570065565000280071265100480074083000850078891000340087304900090090795201150091699900170103100001505320240425101655.0910220s1990 ec a b f000 0 spa  a(DLC) 91119922 aDO-SdBNPcDLC ae-sp--- a922.2bV722G1 aGonzález Zumárraga, Antonio,d1925-200893406710aFray Gaspar de Villarroel, su "Govierno Eclesiástico Pacífico" y el patronato indiano /cAntonio González Zumárraga. aQuito :bPresidencia de la República del Ecuador, Comisión Nacional Permanente de Conmemoraciones Cívicas,c1990. axxxii, 291 p. :bil. ;c21 cm.1 aContribución al V centenario del descubrimiento de Américav8 aIncluye referencias bibliográficas y notas al pie de las páginas. aBibliografías: p. xiii-xxv.10aVILLARROEL, GASPAR DE, ARZOBISPO,d1587-1665.934068 0aIglesia y estado934069 0aEspañaxColoniasxAdministración934070 0aContribución al quinto centenario del descubrimiento de América ;v8.934071 aCatalogación por copia / LC aBNGR 001050718MOaGRbGRcCTd2010-01-29iLF1l0o922.2 V722Gp15053-10r2020-06-25w2020-06-25y1ZNo se presta c14626d14626